| 000 | 00422nam a2200169Ia 4500 | ||
|---|---|---|---|
| 008 | 210210b1906 xxu||||| |||| 00| 0 eng d | ||
| 082 | _a543/103 | ||
| 100 | _aJONES (Harry C) | ||
| 245 | _aPrinciples of inorganic chemistry | ||
| 260 |
_aNew York _bThe Macmillan Co _c1906 |
||
| 300 | _a521 | ||
| 650 | _aPrinciples | ||
| 650 | _ainorganic | ||
| 650 | _achemistry | ||
| 690 | _aInorganic Chemistry | ||
| 906 | _a009515 | ||
| 999 |
_c126974 _d126974 |
||